00285nam a2200121Ia 4500008004100000100002400041245004100065260001200106260001100118260000900129300000700138650001800145160220s9999 xx 000 0 und d10aRathnayaka,R.M.R.K. aNano -Sensors in Medical Application aColombo bIchemc c2015 a23 aNano Medicine